Search the Library Catalogue
| 000 -LEADER | |
|---|---|
| fixed length control field | 00437nam a2200181 a 4500 |
| 001 - CONTROL NUMBER | |
| control field | 1767425682394 |
| 003 - CONTROL NUMBER IDENTIFIER | |
| control field | ACL |
| 005 - DATE AND TIME OF LATEST TRANSACTION | |
| control field | 20260103130633.0 |
| 008 - FIXED-LENGTH DATA ELEMENTS--GENERAL INFORMATION | |
| fixed length control field | 260103s2017##################000#0#eng## |
| 020 ## - INTERNATIONAL STANDARD BOOK NUMBER | |
| International Standard Book Number | 9781680956429 |
| 082 04 - DEWEY DECIMAL CLASSIFICATION NUMBER | |
| Classification number | 647.94 |
| Item number | ELE |
| 040 ## - CATALOGING SOURCE | |
| Original cataloging agency | ACL |
| Language of cataloging | eng |
| Transcribing agency | ACL |
| 100 1# - MAIN ENTRY--PERSONAL NAME | |
| Personal name | 3G E-learning LLC, USA, |
| Relator term | author. |
| 245 10 - TITLE STATEMENT | |
| Title | Hospitality Asset Management : |
| 260 ## - PUBLICATION, DISTRIBUTION, ETC. | |
| Date of publication, distribution, etc. | 2017. |
| 300 ## - PHYSICAL DESCRIPTION | |
| Extent | 240 pages |
| 942 ## - ADDED ENTRY ELEMENTS (KOHA) | |
| Koha item type | English Books |
| Withdrawn status | Lost status | Damaged status | Not for loan | Home library | Current library | Shelving location | Date acquired | Total Checkouts | Full call number | Barcode | Date last seen | Price effective from | Koha item type |
|---|---|---|---|---|---|---|---|---|---|---|---|---|---|
| Anna Centenary Library | Anna Centenary Library | 6TH FLOOR, A WING | 03.01.2026 | 647.94 ELE | 606594 | 09.02.2026 | 03.01.2026 | English Books |